000 00441nam a22001697a 4500
003 UA-OsUOA
001 6062
007 ta
008 20050721b un ||||| |||| 00| 0 ukr d
100 _aКозлінська
700 _aГ. Я.
942 _cBK
040 _aUA-OsUOA
_cUA-OsUOA
_dUA-OsUOA
245 _aАнгл. флористична фразеологія та її укр. паралелі.
_bBA Paper
955 _a2
650 7 _2UDC
999 _c292224
_d292224